| 000 | 01129nmc a2200337 a 4500 | ||
|---|---|---|---|
| 003 | AR-BaBNM | ||
| 005 | 20251128203803.0 | ||
| 008 | 107019s1980 ||||||||||||||000 | spa|| | ||
| 020 | _a84-313-0676-9 | ||
| 040 | _cAR-BaBNM | ||
| 100 | 1 | _aAguilera Gamoneda, Joaquín de | |
| 245 | 1 | 0 |
_aLa educación por televisión _bun servicio público desatendido |
| 260 |
_aPamplona _bEdiciones Universidad de Navarra _c1980 |
||
| 300 | _a262 p. | ||
| 490 | 0 |
_aCiencias de la información _vv. 36 |
|
| 500 | _aContiene en apéndice la Constitución española vigente en 1980 y el Estatuto de la Radio y la Televisión | ||
| 504 | _aContiene referencias bibliográficas en notas a pie de página | ||
| 650 | 4 | _aENSENANZA POR TELEVISION | |
| 650 | 4 | _aREVOLUCION CULTURAL | |
| 650 | 4 | _aCIENCIA Y TECNOLOGIA | |
| 650 | 4 | _aORGANIZACION DE LA EDUCACION | |
| 650 | 4 | _aTELEVISION EDUCATIVA | |
| 650 | 4 | _aRADIO EDUCATIVA | |
| 650 | 4 | _aEDUCACION DE ADULTOS | |
| 650 | 4 | _aTECNOLOGIA EDUCATIVA | |
| 651 | 4 | _aEspaña | |
| 653 | _aEDUCACION A DISTANCIA | ||
| 700 | 1 |
_aNieto, Alfonso _eprologuista |
|
| 942 | _cBK | ||
| 998 | _cSILVI | ||
| 999 |
_c4942 _d4942 |
||